1911 1355 1918 1072 1062 1765 1701 2000 1860 1398 1582 1438 1585 1449 1504 1984 1571 1261 1663 1350 1180 1114 1297 1130 1646 1743 1685 1130 1194 1574 1693 1113 1898 1752 1708 1285 1217 1768 1513 1671 1427 1387 1596 1382 1096 1488 1515 1053 1976 1972 1908 1571 1656 1639 1237 1328 1724 1777 1232 1108 1115 1117 1198 1042 1976 1857 1270 1007 1766 1095 1957 1667 1137 1999 1603 1698 1705 1348 1987 1077 1404 1846 1362 1600 1500 1131 1118 1136 1242 1626 1242 1563 1140 1851 1300 1089 1862 1378 1789 BCNSPRNW ULIB Ver.6.0+V

เปลี่ยนเป็นภาษาไทย

Change to English
 แสดงรายละเอียดบรรณานุกรม
  กลับหน้าหลัก

Brief Record : Get Marc (ISO 2709) : E-mail record : QR code < ปิดหน้าต่าง
LEADER : 00000nam 2200000uu 4500
001    13399126881
003     ULIB
008    190824s||||||||th 000 0 tha d
020    ^a9786163983336
060 04 ^aWY152^bศ481ก
100 0  ^aศิริรัตน์ ปานอุทัย,บรรณาธิการ
245 02 ^aการพยาบาลผู้สูงอายุ เล่ม 2 /^cศิริรัตน์ ปานอุทัย,บรรณาธิการ
250    ^aพิมพ์ครั้งที่ 2
260    ^aเชียงใหม่ :^bสมาร์ทโคตติ้ง แอนด์ เซอร์วิส,^c2560.
300    ^a196 หน้า:^c26ซม.
650  7 ^aผู้สูงอายุ^xการพยาบาล
710 2  ^aมหาวิทยาลัยเชียงใหม่. ^bคณะพยาบาลศาสตร์
945    ^p250^l0^i27478
945    ^p250^l0^i27477
945    ^p250^l0^i27476
945    ^p250^l0^i27480
945    ^p250^l0^i27479
999    ^aกัณชพร
รายการนี้ยังไม่มีแท็ก
คุณยังไม่ได้ล็อกอิน คุณสามารถมีกิจกรรมร่วมกับเว็บไซต์ได้ แต่ต้องล็อกอินก่อน ::
  ล็อกอิน

รายการสื่อสารสนเทศ

ลำดับที่ ประเภท เลขเรียก/บาร์โค้ด สถานที่ สถานะ
1. หนังสือสำรอง
หนังสือสำรอง
WY152 ศ481ก ฉ.1 
  Barcode: 27476
ห้องสมุดวิทยาเขตนครสวรรค์
►หนังสือทั่วไป:l:General Books
บนชั้น
2. วิทยาศาสตร์การแพทย์ และสุขภาพ
วิทยาศาสตร์การแพทย์ และสุขภาพ
WY152 ศ481ก ฉ.2 
  Barcode: 27477
ห้องสมุดวิทยาเขตนครสวรรค์
►หนังสือทั่วไป:l:General Books
บนชั้น
3. วิทยาศาสตร์การแพทย์ และสุขภาพ
วิทยาศาสตร์การแพทย์ และสุขภาพ
WY152 ศ481ก ฉ.3 
  Barcode: 27478
ห้องสมุดวิทยาเขตนครสวรรค์
►หนังสือทั่วไป:l:General Books
บนชั้น
4. วิทยาศาสตร์การแพทย์ และสุขภาพ
วิทยาศาสตร์การแพทย์ และสุขภาพ
WY152 ศ481ก ฉ.4 
  Barcode: 27479
ห้องสมุดวิทยาเขตนครสวรรค์
►หนังสือทั่วไป:l:General Books
บนชั้น
5. วิทยาศาสตร์การแพทย์ และสุขภาพ
วิทยาศาสตร์การแพทย์ และสุขภาพ
WY152 ศ481ก ฉ.5 
  Barcode: 27480
ห้องสมุดวิทยาเขตนครสวรรค์
►หนังสือทั่วไป:l:General Books
บนชั้น

รายการใกล้เคียง
    ผู้แต่ง [ศิริรัตน์ ปานอุทัย,บรรณาธิการ]

BibComment


ยังไม่เคยถูกคอมเมนท์

คอมเมนท์ทรัพยากรรายการนี้
  คอมเมนท์: การพยาบาลผู้สูงอ..


 Copyright 2026. Bcnsprnw @Library